[Event "Ceske Budejovice op-A"]
[Site "Ceske Budejovice"]
[Date "2023.07.09"]
[Round "9"]
[White "Kolka, Dawid"]
[Black "Hurtik, Matej"]
[Result "0-1"]
[WhiteElo "1938"]
[BlackElo "2120"]
[PlyCount "94"]
[EventDate "2023.07.01"]
[EventType "swiss"]
[EventRounds "9"]
[EventCountry "CZE"]
[SourceTitle "CBM 215 Extra"]
[Source "ChessBase"]
[SourceDate "2023.09.30"]
[SourceVersion "1"]
[SourceVersionDate "2023.09.30"]
[SourceQuality "1"]

1. e4 d6 2. d4 Nf6 3. Nc3 Nbd7 4. Nf3 e5 5. Bc4 Be7 6. 0-0 c6 7. dxe5 dxe5 8. a4 Qc7 9. Qe2 h6 10. Be3 Ng4 11. Bd2 Nf8 12. Ne1 g5 13. Nd3 Ng6 14. f3 Nf6 15. Nd1 Nh5 16. g3 Bh3 17. Re1 Rg8 18. Kh1 Ngf4 19. Nxf4 Nxf4 20. Bxf4 gxf4 21. Nf2 Bd7 22. g4 Bc5 23. Bxf7+ Kxf7 24. Qc4+ Be6 25. Qxc5 h5 26. h3 hxg4 27. hxg4 Qd8 28. Kg2 Qh4 29. Rh1 Qg3+ 30. Kf1 Rh8 31. Ke2 b6 32. Qc3 Rad8 33. Rag1 Rxh1 34. Rxh1 Rd4 35. b3 c5 36. a5 Kg6 37. axb6 axb6 38. Qe1 c4 39. b4 c3 40. Qxc3 Bc4+ 41. Ke1 Rxe4+ 42. Kd1 Rd4+ 43. Kc1 Qxf2 44. Re1 Kf6 45. b5 Rd5 46. Re4 Qg1+ 47. Kb2 Rxb5+ 0-1

[Event "Ceske Budejovice op-A"]
[Site "Ceske Budejovice"]
[Date "2022.07.08"]
[Round "8"]
[White "Placer, Sebastian"]
[Black "Hurtik, Matej"]
[Result "1-0"]
[WhiteElo "2062"]
[BlackElo "2018"]
[PlyCount "73"]
[EventDate "2022.07.01"]
[EventType "swiss"]
[EventRounds "9"]
[EventCountry "CZE"]
[SourceTitle "CBM 209 Extra"]
[Source "ChessBase"]
[SourceDate "2022.09.30"]
[SourceVersion "1"]
[SourceVersionDate "2022.09.30"]
[SourceQuality "1"]

1. e4 c5 2. Nf3 Nc6 3. d4 cxd4 4. Nxd4 e5 5. Nb5 a6 6. Nd6+ Bxd6 7. Qxd6 Qf6 8. Qd1 Nge7 9. Nc3 Qg6 10. Be3 d5 11. Nxd5 Nxd5 12. Qxd5 0-0 13. f3 Rd8 14. Qb3 b5 15. c3 Be6 16. Qc2 Rac8 17. Qf2 b4 18. Bxa6 Ra8 19. Bb7 Rxa2 20. 0-0 Rxa1 21. Rxa1 Bb3 22. Bb6 Re8 23. Qc5 Nd8 24. Qxb4 Be6 25. Bxd8 Rxd8 26. Ra8 Qg5 27. Rxd8+ Qxd8 28. Bd5 h5 29. Bxe6 Qd1+ 30. Kf2 Qd2+ 31. Kg3 Qf4+ 32. Kh3 g5 33. Qb8+ Kg7 34. g3 g4+ 35. fxg4 hxg4+ 36. Kh4 fxe6 37. gxf4 1-0

[Event "Ceske Budejovice op-A"]
[Site "Ceske Budejovice"]
[Date "2020.07.02"]
[Round "2"]
[White "Finek, Vaclav"]
[Black "Hurtik, Matej"]
[Result "1-0"]
[WhiteElo "2210"]
[BlackElo "2047"]
[PlyCount "93"]
[EventDate "2020.07.01"]
[EventType "swiss"]
[EventRounds "9"]
[EventCountry "CZE"]
[SourceTitle "CBM 197 Extra"]
[Source "ChessBase"]
[SourceDate "2020.09.30"]
[SourceVersion "1"]
[SourceVersionDate "2020.09.30"]
[SourceQuality "1"]

1. Nf3 Nf6 2. c4 g6 3. g3 Bg7 4. Bg2 0-0 5. 0-0 d6 6. d4 Nbd7 7. Nc3 c5 8. e3 Rb8 9. b3 a6 10. Bb2 b5 11. cxb5 axb5 12. dxc5 Nxc5 13. Nd4 Bd7 14. b4 Na6 15. a3 Qb6 16. Rc1 Rbc8 17. Qe2 Nc7 18. Rfd1 e5 19. Nb3 Bg4 20. Bf3 Be6 21. Na5 d5 22. Qf1 e4 23. Be2 Rb8 24. Na4 bxa4 25. Rc6 Qa7 26. Bd4 Qa8 27. Rxc7 Rbc8 28. Rdc1 Nd7 29. Bxg7 Kxg7 30. Qe1 Rxc7 31. Rxc7 Rc8 32. Qc3+ Nf6 33. Rc5 Rd8 34. Nc6 Rd6 35. Nd4 Qd8 36. Rc7 Bd7 37. b5 Kh6 38. Qc5 Ne8 39. Ra7 Bh3 40. Rxf7 Bd7 41. b6 Qb8 42. Nb5 Bxb5 43. Bxb5 Ng7 44. Rxg7 Rxb6 45. Qe7 Qh8 46. Rf7 g5 47. Bd7 1-0

[Event "CZE-chT2B 1920"]
[Site "Czech Republic"]
[Date "2020.02.23"]
[Round "9.7"]
[White "Hroch, Jiri"]
[Black "Hurtik, Matej"]
[Result "0-1"]
[WhiteElo "2097"]
[BlackElo "1974"]
[PlyCount "124"]
[EventDate "2019.10.13"]
[EventType "team-tourn"]
[EventRounds "11"]
[EventCountry "CZE"]
[SourceTitle "EXT 2024"]
[Source "ChessBase"]
[SourceDate "2023.10.10"]
[SourceVersion "1"]
[SourceVersionDate "2023.10.10"]
[SourceQuality "1"]
[WhiteTeam "Karlovy Vary Tietz II"]
[BlackTeam "Teplice"]
[WhiteTeamCountry "CZE"]
[BlackTeamCountry "CZE"]

1. e4 c5 2. c3 d5 3. exd5 Qxd5 4. d4 g6 5. Nf3 Bg7 6. Be2 Nf6 7. c4 Qd8 8. d5 0-0 9. Nc3 e6 10. Bg5 h6 11. Bh4 exd5 12. cxd5 Qb6 13. Qd2 Bf5 14. Bxf6 Qxf6 15. 0-0 Rd8 16. Qe3 Nd7 17. h3 Re8 18. Qd2 g5 19. Bd3 a6 20. a4 Bxd3 21. Qxd3 Qf4 22. a5 Ne5 23. Nxe5 Bxe5 24. g3 Qd4 25. Qf3 Bg7 26. Rfd1 Qf6 27. Qd3 Qd4 28. Qf3 Qf6 29. Qg4 Rad8 30. Qc4 Qf5 31. Kg2 Bd4 32. Rd2 Re5 33. Rad1 g4 34. hxg4 Qxg4 35. Rxd4 cxd4 36. Rxd4 Qc8 37. Qd3 Rh5 38. g4 Rg5 39. f3 f5 40. Kg3 Rd6 41. Rc4 Qd7 42. Qe3 Rdg6 43. Qe5 Rg7 44. Qb8+ Kh7 45. Rc8 fxg4 46. f4 Rg8 47. Rc7 Rxb8 48. Rxd7+ Rg7 49. Rxg7+ Kxg7 50. Kxg4 b6 51. Kf5 Kf7 52. d6 bxa5 53. Nd5 h5 54. Nc7 Rxb2 55. Nxa6 Rb5+ 56. Ke4 h4 57. Nc7 h3 58. Nxb5 h2 59. Kd5 h1Q+ 60. Kc5 Ke6 61. Nc7+ Kd7 62. Nd5 Qc1+ 0-1

[Event "Karlovy Vary CupT U16"]
[Site "Karlovy Vary"]
[Date "2020.01.22"]
[Round "1.1"]
[White "Babula, Vlastimil1111"]
[Black "Hurtik, Matej"]
[Result "1-0"]
[WhiteElo "2038"]
[BlackElo "1949"]
[PlyCount "83"]
[EventDate "2020.01.22"]
[EventType "team-swiss"]
[EventRounds "4"]
[EventCountry "CZE"]
[SourceTitle "CBM 194 Extra"]
[Source "ChessBase"]
[SourceDate "2020.03.31"]
[SourceVersion "1"]
[SourceVersionDate "2020.03.31"]
[SourceQuality "1"]
[WhiteTeam "Zlinsky kraj"]
[BlackTeam "Liberecky kraj"]
[WhiteTeamCountry "CZE"]
[BlackTeamCountry "CZE"]

1. e4 d5 2. exd5 Qxd5 3. Nf3 Nf6 4. d4 Bg4 5. c4 Qe4+ 6. Be2 Bxf3 7. gxf3 Qh4 8. Nc3 Nc6 9. Be3 e6 10. Qa4 a6 11. 0-0-0 Be7 12. Qb3 0-0 13. Qxb7 Na5 14. Qxc7 Bb4 15. Qg3 Qxg3 16. fxg3 Rfc8 17. c5 Bxc3 18. bxc3 Nd5 19. Bd2 Nc6 20. f4 f6 21. Bg4 Kf7 22. Rhe1 Re8 23. Kc2 Rad8 24. Rb1 Re7 25. Kd3 f5 26. Bf3 Red7 27. Bxd5 Rxd5 28. Kc2 Rc8 29. Rb6 a5 30. Rb7+ Kf6 31. Be3 Rdd8 32. a3 h6 33. h4 h5 34. Rd1 Ne7 35. c4 Ra8 36. Kc3 Kf7 37. d5 Ke8 38. d6 Nc6 39. Rc7 Nb8 40. c6 Na6 41. Rb7 Rac8 42. d7+ 1-0